[Event "Young Stars of the World 2012"]
[Site "Kirishi RUS"]
[Date "2012.05.19"]
[Round "7.5"]
[White "Vakhidov, Jahongir"]
[Black "Boruchovsky, Avital"]
[Result "0-1"]
[WhiteElo "2439"]
[BlackElo "2434"]
[PlyCount "132"]
[EventDate "2012.05.12"]
[EventType "tourn"]
[EventRounds "11"]
[EventCountry "RUS"]
[EventCategory "6"]
[Source "lmi"]
[SourceDate "2012.05.12"]

1. e4 c5 2. Nf3 e6 3. b3 d6 4. Bb5+ Bd7 5. Bxd7+ Nxd7 6. O-O Ngf6 7. Qe2 g6 8.
Na3 Bg7 9. Bb2 O-O 10. Rad1 a6 11. d4 cxd4 12. Bxd4 b5 13. Bb2 Qb6 14. c4 b4
15. Nc2 Nc5 16. e5 Nfe4 17. Qe3 Rac8 18. Bd4 dxe5 19. Nxe5 Qa5 20. a3 Qc7 21.
axb4 Nxb3 22. Qxb3 Bxe5 23. Bxe5 Qxe5 24. c5 a5 25. Qe3 axb4 26. Nd4 Rxc5 27.
Nf3 Qf5 28. Nh4 Qg4 29. g3 Rg5 30. Nf3 Rf5 31. Kg2 Ng5 32. Nd4 Rd5 33. f4 e5
34. Nf5 Qh3+ 35. Kh1 gxf5 36. fxg5 Rfd8 37. Rde1 Rd2 38. Rf2 f4 39. Rxd2 fxe3
40. Rxd8+ Kg7 41. Rd3 e2 42. Rf3 Qg4 43. Rf2 Qxg5 44. Rfxe2 f6 45. Rb1 Qf5 46.
Reb2 e4 47. Kg1 Kg6 48. Re1 Qc5+ 49. Kg2 Qc3 50. Rbe2 f5 51. g4 fxg4 52. Rxe4
h5 53. R1e3 Qd2+ 54. Kg3 Qd6+ 55. Kg2 Kg5 56. Re2 b3 57. Re5+ Kh4 58. R5e3 Qd5+
59. Kf2 Qd4 60. Re1 b2 61. Rb1 Qc4 62. Re2 Qf4+ 63. Kg1 Qc1+ 64. Re1 Qc2 65.
Rbd1 g3 66. hxg3+ Kh3 0-1

[Event "Young Stars of the World 2012"]
[Site "Kirishi RUS"]
[Date "2012.05.19"]
[Round "7.6"]
[White "Sanal, Vahap"]
[Black "Belous, Vladimir"]
[Result "0-1"]
[WhiteElo "2277"]
[BlackElo "2518"]
[PlyCount "66"]
[EventDate "2012.05.12"]
[EventType "tourn"]
[EventRounds "11"]
[EventCountry "RUS"]
[EventCategory "6"]
[Source "lmi"]
[SourceDate "2012.05.12"]

1. e4 c5 2. Nf3 Nc6 3. Bb5 d6 4. O-O Bd7 5. Re1 Nf6 6. h3 Ne5 7. a4 a6 8. Bxd7+
Nfxd7 9. d3 g6 10. Nxe5 Nxe5 11. Nd2 Bg7 12. Nc4 Nc6 13. a5 O-O 14. c3 Qc7 15.
Qb3 Rad8 16. Nb6 e6 17. Bg5 Rde8 18. Bf4 Qe7 19. Nc4 Rd8 20. Rad1 h6 21. Bg3
Kh7 22. Re2 f5 23. f3 fxe4 24. dxe4 Qg5 25. Bxd6 Rxf3 26. Qxb7 Nxa5 27. h4 Rd3
28. Qxg7+ Kxg7 29. Rxd3 Qc1+ 30. Kh2 Nxc4 31. Be5+ Nxe5 32. Rxd8 Qf4+ 33. Kg1
Ng4 0-1

[Event "Young Stars of the World 2012"]
[Site "Kirishi RUS"]
[Date "2012.05.20"]
[Round "8.1"]
[White "Artemiev, Vladislav"]
[Black "Belous, Vladimir"]
[Result "1/2-1/2"]
[WhiteElo "2459"]
[BlackElo "2518"]
[PlyCount "74"]
[EventDate "2012.05.12"]
[EventType "tourn"]
[EventRounds "11"]
[EventCountry "RUS"]
[EventCategory "6"]
[Source "lmi"]
[SourceDate "2012.05.12"]

1. e4 c5 2. Nf3 Nc6 3. Bb5 g6 4. O-O Bg7 5. c3 Nf6 6. Re1 O-O 7. h3 Qb6 8. Ba4
d6 9. d4 cxd4 10. cxd4 Nd7 11. Nc3 Nxd4 12. Nxd4 Qxd4 13. Nd5 Nc5 14. Nxe7+ Kh8
15. Qxd4 Bxd4 16. Bc2 Be6 17. Rd1 Bg7 18. Nd5 Rac8 19. Rb1 Nd7 20. Bb3 Nc5 21.
Bc2 Rfe8 22. Be3 a5 23. a3 b5 24. b3 Rc6 25. b4 axb4 26. Nxb4 Rb6 27. Nd5 Rb7
28. Nb4 Bf8 29. Bd4+ Kg8 30. Nd5 Bxd5 31. exd5 Ra8 32. Bd3 Ra5 33. Be3 Bg7 34.
Bf1 Kf8 35. Rdc1 Rxa3 36. Rxb5 Rxb5 37. Bxb5 Ra1 1/2-1/2

[Event "Young Stars of the World 2012"]
[Site "Kirishi RUS"]
[Date "2012.05.20"]
[Round "8.2"]
[White "Boruchovsky, Avital"]
[Black "Sanal, Vahap"]
[Result "0-1"]
[WhiteElo "2434"]
[BlackElo "2277"]
[PlyCount "126"]
[EventDate "2012.05.12"]
[EventType "tourn"]
[EventRounds "11"]
[EventCountry "RUS"]
[EventCategory "6"]
[Source "lmi"]
[SourceDate "2012.05.12"]

1. e4 e6 2. d4 d5 3. Nd2 dxe4 4. Nxe4 Nf6 5. Nxf6+ gxf6 6. Be3 Bd7 7. d5 e5 8.
Ne2 c6 9. c3 Qa5 10. dxc6 Nxc6 11. Ng3 f5 12. Bg5 Be7 13. Bxe7 Nxe7 14. Qd6 Qd5
15. Qxd5 Nxd5 16. Bc4 Nf4 17. O-O Rc8 18. Bb3 Ke7 19. Rad1 Be6 20. Bc2 Rhg8 21.
Bxf5 h5 22. Bxe6 Kxe6 23. Rfe1 Rc4 24. h4 f6 25. Rd4 b5 26. b3 Rxd4 27. cxd4 b4
28. dxe5 fxe5 29. Re4 a5 30. Rc4 Rd8 31. Ne4 Rd1+ 32. Kh2 Re1 33. Nc5+ Kf5 34.
Rc2 e4 35. Nb7 Nd3 36. Nxa5 Kf4 37. Nc4 Ra1 38. Re2 Rc1 39. Nd2 Rc2 40. Rxe4+
Kf5 41. Re2 Nf4 42. Re4 Rxd2 43. Rxb4 Rxf2 44. Kg3 Rf1 45. Rb5+ Ke4 46. a4 Nd5
47. Rb8 Rc1 48. a5 Rc3+ 49. Kf2 Rc2+ 50. Kg3 Ra2 51. b4 Nf6 52. Rf8 Ra3+ 53.
Kf2 Ke5 54. Kg1 Ra4 55. Rb8 Ra2 56. Rc8 Nd5 57. Rh8 Nf6 58. Rc8 Ng4 59. Rc1 Ne3
60. Rc5+ Kf4 61. Rxh5 Ng4 62. Kf1 Ke3 63. g3 Rh2 0-1

[Event "Young Stars of the World 2012"]
[Site "Kirishi RUS"]
[Date "2012.05.20"]
[Round "8.3"]
[White "Izzat, Kanan"]
[Black "Vakhidov, Jahongir"]
[Result "1-0"]
[WhiteElo "2341"]
[BlackElo "2439"]
[PlyCount "71"]
[EventDate "2012.05.12"]
[EventType "tourn"]
[EventRounds "11"]
[EventCountry "RUS"]
[EventCategory "6"]
[Source "lmi"]
[SourceDate "2012.05.12"]

1. d4 Nf6 2. Nf3 c5 3. d5 b5 4. Bg5 Qb6 5. Nc3 b4 6. Na4 Qa5 7. Bxf6 gxf6 8. c4
d6 9. b3 f5 10. Nb2 Bg7 11. Nd3 Nd7 12. g3 Bc3+ 13. Nd2 Nf6 14. Bg2 Ne4 15.
Bxe4 fxe4 16. Nf4 Bf5 17. O-O Bxa1 18. Qxa1 O-O-O 19. Qg7 Qxa2 20. Qxf7 Rhf8
21. Qxe7 Rfe8 22. Qf7 Bd7 23. Qf6 Qxd2 24. Qxd6 Kb7 25. Qxc5 Rc8 26. Qd6 Red8
27. c5 Ka8 28. Ra1 Bc6 29. Qe7 Rd7 30. Qe6 Qc3 31. Ra5 Qxb3 32. Qf5 Bxd5 33.
Qxd7 Bb7 34. Rb5 Ba6 35. Nd5 Qb1+ 36. Kg2 1-0

[Event "Young Stars of the World 2012"]
[Site "Kirishi RUS"]
[Date "2012.05.20"]
[Round "8.5"]
[White "Oparin, Grigoriy"]
[Black "Stjazhkina, Anna"]
[Result "1-0"]
[WhiteElo "2494"]
[BlackElo "2107"]
[PlyCount "63"]
[EventDate "2012.05.12"]
[EventType "tourn"]
[EventRounds "11"]
[EventCountry "RUS"]
[EventCategory "6"]
[Source "lmi"]
[SourceDate "2012.05.12"]

1. e4 e5 2. Nf3 Nc6 3. Bb5 g6 4. O-O Bg7 5. c3 d6 6. d4 Bd7 7. d5 Nce7 8. Bxd7+
Qxd7 9. c4 h6 10. Nc3 f5 11. Ne1 Nf6 12. exf5 Nxf5 13. Nd3 O-O 14. f3 Rae8 15.
Nf2 c6 16. Qd3 Kh7 17. Nfe4 Nxe4 18. Nxe4 Bf6 19. Bd2 Bd8 20. b4 Bb6+ 21. c5
Bc7 22. dxc6 bxc6 23. cxd6 Bxd6 24. Kh1 Qe7 25. Qc4 Rc8 26. Rac1 Rfd8 27. Rfe1
c5 28. b5 Rc7 29. Ba5 Rdc8 30. Bxc7 Rxc7 31. a4 Kg7 32. Qd5 1-0

[Event "Young Stars of the World 2012"]
[Site "Kirishi RUS"]
[Date "2012.05.20"]
[Round "8.6"]
[White "Codenotti, Marco"]
[Black "Mammadov, Zaur"]
[Result "1-0"]
[WhiteElo "2345"]
[BlackElo "2393"]
[PlyCount "137"]
[EventDate "2012.05.12"]
[EventType "tourn"]
[EventRounds "11"]
[EventCountry "RUS"]
[EventCategory "6"]
[Source "lmi"]
[SourceDate "2012.05.12"]

1. e4 c6 2. c4 e5 3. Nf3 d6 4. d4 Nd7 5. Nc3 Ngf6 6. Be2 Be7 7. h3 O-O 8. Be3
Re8 9. d5 a6 10. a4 a5 11. g4 Nf8 12. g5 Nh5 13. Nxe5 Nf4 14. Bxf4 dxe5 15.
Bxe5 Bb4 16. Bd4 Rxe4 17. Be3 cxd5 18. Qxd5 Qe7 19. Qd3 Bf5 20. O-O-O Re5 21.
Nd5 Qe8 22. Qb3 Rxd5 23. Rxd5 Qe4 24. Rxf5 Qxh1+ 25. Qd1 Qxh3 26. Qd5 Ne6 27.
Qxb7 Rf8 28. Qf3 Qh2 29. c5 g6 30. Rd5 Qc7 31. Kb1 Nxc5 32. Bd4 Ne6 33. Be5 Qe7
34. Bf6 Qe8 35. b3 Ng7 36. Bb2 Qe7 37. Bc4 Ne6 38. Qe3 Qc7 39. Re5 Qd6 40. Rxe6
fxe6 41. Bxe6+ Rf7 42. Qe4 Kf8 43. Qa8+ Ke7 44. Bxf7 Kxf7 45. Qh8 Qd1+ 46. Ka2
Qc2 47. Qxh7+ Ke6 48. Qh3+ Kd5 49. Qf3+ Kd6 50. Qf6+ Kd7 51. Qd4+ Ke7 52. f4
Ke8 53. Qc4 Qf5 54. Qc6+ Kf7 55. Qb7+ Be7 56. Qc7 Qd5 57. Qc4 Ke6 58. Qc8+ Kf7
59. Qh8 Qd3 60. Qc3 Qf5 61. Qe5 Qd3 62. Qxa5 Bd6 63. Qc3 Qxc3 64. Bxc3 Bxf4 65.
a5 Ke6 66. a6 Be3 67. Bd2 Bg1 68. b4 Kd5 69. Kb3 1-0

[Event "Young Stars of the World 2012"]
[Site "Kirishi RUS"]
[Date "2012.05.21"]
[Round "9.1"]
[White "Mammadov, Zaur"]
[Black "Artemiev, Vladislav"]
[Result "1/2-1/2"]
[WhiteElo "2393"]
[BlackElo "2459"]
[PlyCount "100"]
[EventDate "2012.05.12"]
[EventType "tourn"]
[EventRounds "11"]
[EventCountry "RUS"]
[EventCategory "6"]
[Source "lmi"]
[SourceDate "2012.05.12"]

1. e4 c5 2. c3 Nf6 3. e5 Nd5 4. g3 e6 5. Bg2 Nc6 6. Nf3 d6 7. exd6 Bxd6 8. O-O
O-O 9. d4 cxd4 10. Nxd4 Nxd4 11. Qxd4 Qc7 12. Nd2 Bd7 13. Ne4 Be5 14. Qc5 Bc6
15. f4 b6 16. Qf2 Nf6 17. Nxf6+ Bxf6 18. Be3 Rfd8 19. Rad1 Bxg2 20. Qxg2 Qc4
21. a3 h5 22. Qc2 Qb5 23. Rf2 Qc6 24. Rxd8+ Rxd8 25. Rd2 Rxd2 26. Qxd2 Qe4 27.
Kf1 h4 28. Ke2 g6 29. Qe1 Qa4 30. Qd2 Qe4 31. Qe1 b5 32. Kd2 a5 33. g4 b4 34.
axb4 axb4 35. cxb4 Qxb4+ 36. Ke2 Qxb2+ 37. Qd2 Qb7 38. g5 Be7 39. Qe1 Qb2+ 40.
Qd2 Qb5+ 41. Qd3 Qb2+ 42. Qd2 Qb5+ 43. Qd3 Qb7 44. Kf2 Qh1 45. Qf1 Qe4 46. Qg2
Qc2+ 47. Kf3 Qc6+ 48. Kf2 Qc2+ 49. Kf3 Qb3 50. Kf2 Qc2+ 1/2-1/2

[Event "Young Stars of the World 2012"]
[Site "Kirishi RUS"]
[Date "2012.05.21"]
[Round "9.2"]
[White "Stjazhkina, Anna"]
[Black "Codenotti, Marco"]
[Result "0-1"]
[WhiteElo "2107"]
[BlackElo "2345"]
[PlyCount "124"]
[EventDate "2012.05.12"]
[EventType "tourn"]
[EventRounds "11"]
[EventCountry "RUS"]
[EventCategory "6"]
[Source "lmi"]
[SourceDate "2012.05.12"]

1. e4 c5 2. Nc3 e6 3. Nge2 d5 4. exd5 exd5 5. d4 Nf6 6. Bg5 Nc6 7. Bxf6 gxf6 8.
dxc5 Be6 9. Nf4 Bxc5 10. Nfxd5 Bd4 11. Bb5 Bxd5 12. Qxd4 Bxg2 13. Qe3+ Qe7 14.
Rg1 Bf3 15. Rg3 Qxe3+ 16. fxe3 Bh5 17. Nd5 O-O-O 18. Nxf6 Nb4 19. Ba4 Bg6 20.
a3 Na6 21. b4 Rd6 22. Ng4 Rhd8 23. Nf2 Nc7 24. Rd1 Nd5 25. Rd4 b5 26. Bb3 Nc3
27. Rgg4 Rxd4 28. Rxd4 Re8 29. Kd2 Nb1+ 30. Kc1 Rxe3 31. Nd1 Rh3 32. a4 Na3 33.
Kb2 Nxc2 34. Bxc2 Rxh2 35. Ne3 Re2 36. axb5 Rxe3 37. Bb3 f5 38. Bc2 Re5 39. Bd3
Re7 40. Kc3 Rf7 41. Bc4 Rf6 42. Kd2 Kc7 43. Ke3 Rd6 44. Rf4 Kd7 45. Bd3 Ke6 46.
Be2 Kf6 47. Rc4 Re6+ 48. Kf2 Be8 49. Rc7 Re7 50. Rc8 h5 51. Bd3 h4 52. Rc1 Kg5
53. Kf3 Bh5+ 54. Kf2 Rd7 55. Bf1 Rd2+ 56. Ke3 Rb2 57. Rc3 f4+ 58. Ke4 Rxb4+ 59.
Ke5 Rb1 60. Bd3 Re1+ 61. Kd4 f3 62. Rc5+ Kg4 0-1

[Event "Young Stars of the World 2012"]
[Site "Kirishi RUS"]
[Date "2012.05.21"]
[Round "9.3"]
[White "Antal, Tibor Kende"]
[Black "Oparin, Grigoriy"]
[Result "0-1"]
[WhiteElo "2345"]
[BlackElo "2494"]
[PlyCount "74"]
[EventDate "2012.05.12"]
[EventType "tourn"]
[EventRounds "11"]
[EventCountry "RUS"]
[EventCategory "6"]
[Source "lmi"]
[SourceDate "2012.05.12"]

1. e4 c5 2. Nf3 d6 3. d4 cxd4 4. Nxd4 Nf6 5. Nc3 Nc6 6. Bg5 e6 7. Qd2 a6 8.
O-O-O Bd7 9. f4 b5 10. a3 Rb8 11. Kb1 Be7 12. Nb3 b4 13. axb4 Nxb4 14. e5 dxe5
15. fxe5 Nfd5 16. Bxe7 Qxe7 17. Nxd5 exd5 18. Bd3 O-O 19. Rhe1 Rb6 20. Nd4 Rfb8
21. b3 Qc5 22. Qf4 Nc6 23. e6 Bxe6 24. Nxe6 Rxb3+ 25. Kc1 Qc3 26. Bxh7+ Kh8 27.
Qxb8+ Rxb8 28. Ng5 Qa1+ 29. Kd2 Qd4+ 30. Ke2 Qe5+ 31. Be4 Qxg5 32. Rxd5 Qg4+
33. Bf3 Nd4+ 34. Kf2 Nxf3 35. gxf3 Qh4+ 36. Kf1 Qh3+ 37. Kg1 Rb6 0-1

[Event "Young Stars of the World 2012"]
[Site "Kirishi RUS"]
[Date "2012.05.21"]
[Round "9.4"]
[White "Vakhidov, Jahongir"]
[Black "Chigaev, Maksim"]
[Result "1-0"]
[WhiteElo "2439"]
[BlackElo "2438"]
[PlyCount "149"]
[EventDate "2012.05.12"]
[EventType "tourn"]
[EventRounds "11"]
[EventCountry "RUS"]
[EventCategory "6"]
[Source "lmi"]
[SourceDate "2012.05.12"]

1. d4 Nf6 2. c4 g6 3. g3 Bg7 4. Bg2 O-O 5. Nc3 d6 6. Nf3 Nc6 7. O-O a6 8. Qd3
Bd7 9. d5 Nb4 10. Qd1 a5 11. a3 Na6 12. Be3 c6 13. Bd4 e5 14. dxe6 Bxe6 15. Nd2
d5 16. cxd5 Nxd5 17. Bxg7 Kxg7 18. Qc2 Qg5 19. Nxd5 Bxd5 20. Bxd5 Qxd5 21. Qc3+
Kg8 22. Nc4 Rae8 23. Rfe1 Nc5 24. Nb6 Qf5 25. Qxa5 Rd8 26. Nc4 Rd5 27. Qc3 Qh3
28. Qf3 Rh5 29. Qg2 Qe6 30. Ne3 Re8 31. Rad1 Ne4 32. Nf1 Qb3 33. f3 Qb6+ 34. e3
Nf6 35. Qd2 Rf5 36. Kg2 Rb5 37. Re2 Rd5 38. Qe1 Rxd1 39. Qxd1 Rd8 40. Qc2 Qb5
41. Rd2 Re8 42. e4 h5 43. Qc3 Nh7 44. h4 Nf8 45. Ne3 Ne6 46. Nc4 Rd8 47. Nd6
Qb6 48. e5 Nc7 49. Re2 Nd5 50. Qc1 Rd7 51. Qh6 Qd8 52. Ne4 Qe8 53. e6 fxe6 54.
Ng5 Re7 55. Re4 Nf6 56. Rf4 Nd5 57. Re4 Nf6 58. Re5 Nh7 59. Rxe6 Nf8 60. Rf6
Re2+ 61. Kh3 Qd7+ 62. g4 hxg4+ 63. fxg4 Re3+ 64. Nf3 Re8 65. Ne5 Qe7 66. Qf4
Qh7 67. Qc4+ Kh8 68. Qc3 Kg8 69. Qb3+ Kh8 70. Nf7+ Kg7 71. Ng5 Qg8 72. Rf7+ Kh6
73. Qf3 Ne6 74. Nxe6 Rxe6 75. g5# 1-0

[Event "Young Stars of the World 2012"]
[Site "Kirishi RUS"]
[Date "2012.05.21"]
[Round "9.5"]
[White "Sanal, Vahap"]
[Black "Izzat, Kanan"]
[Result "1/2-1/2"]
[WhiteElo "2277"]
[BlackElo "2341"]
[PlyCount "95"]
[EventDate "2012.05.12"]
[EventType "tourn"]
[EventRounds "11"]
[EventCountry "RUS"]
[EventCategory "6"]
[Source "lmi"]
[SourceDate "2012.05.12"]

1. e4 c6 2. d4 d5 3. e5 Bf5 4. Be3 e6 5. Nf3 Ne7 6. Be2 Nd7 7. O-O Bg4 8. Nbd2
Nf5 9. c3 Be7 10. h3 Nxe3 11. fxe3 Bf5 12. b4 O-O 13. Nb3 f6 14. exf6 Bxf6 15.
Bd3 Qc7 16. Nc5 Nxc5 17. bxc5 Rae8 18. Rb1 g6 19. Rb2 Bxd3 20. Qxd3 e5 21. Qb1
e4 22. Rxb7 Qa5 23. Nh2 Bg5 24. Qe1 Qa6 25. Rb2 Qd3 26. Re2 Bh4 27. Qd2 Qb5 28.
Rc1 h5 29. Qc2 Qc4 30. Rd2 Bg5 31. Re1 Rb8 32. Rdd1 Rb7 33. Rc1 Rfb8 34. Qf2
Kh7 35. Qg3 Bh6 36. Rf1 Qd3 37. Rce1 Rb1 38. Qc7+ Kh8 39. Qe5+ Bg7 40. Qg3 Kh7
41. Qf2 R8b2 42. Qg3 Rxe1 43. Rxe1 Rxa2 44. Rf1 Re2 45. Ng4 hxg4 46. Qh4+ Kg8
47. Qd8+ Kh7 48. Qh4+ 1/2-1/2

[Event "Young Stars of the World 2012"]
[Site "Kirishi RUS"]
[Date "2012.05.21"]
[Round "9.6"]
[White "Belous, Vladimir"]
[Black "Boruchovsky, Avital"]
[Result "1-0"]
[WhiteElo "2518"]
[BlackElo "2434"]
[PlyCount "103"]
[EventDate "2012.05.12"]
[EventType "tourn"]
[EventRounds "11"]
[EventCountry "RUS"]
[EventCategory "6"]
[Source "lmi"]
[SourceDate "2012.05.12"]

1. c4 e6 2. Nf3 d5 3. b3 Be7 4. Bb2 Bf6 5. Nc3 Ne7 6. d4 c5 7. cxd5 exd5 8. e3
O-O 9. dxc5 Qa5 10. Rc1 Nd7 11. a3 Nxc5 12. b4 Qb6 13. Ba1 Bxc3+ 14. Bxc3 Ne4
15. Bd4 Qd6 16. Bd3 a5 17. Bb2 Rd8 18. b5 Bg4 19. h3 Bh5 20. Bb1 a4 21. g4 Bg6
22. h4 f6 23. h5 Be8 24. h6 g6 25. g5 Nf5 26. Rg1 fxg5 27. Rg4 Qe7 28. b6 Bc6
29. Nd4 Nxh6 30. Rg2 Bd7 31. Rc7 Qf6 32. f3 Qxb6 33. Rxd7 Qa5+ 34. Ke2 Rxd7 35.
fxe4 Nf7 36. Ba2 Rc8 37. Bxd5 Rxd5 38. exd5 Qxd5 39. Rf2 Nd6 40. Qxa4 b5 41.
Qd1 Nc4 42. Bc1 g4 43. Nc2 Qe6 44. Qd4 g3 45. Rf6 Qe7 46. Qd5+ Kg7 47. Rf4 Rd8
48. Qxb5 g2 49. Qxc4 h5 50. Qc3+ Kh7 51. Kf2 Rd1 52. Ne1 1-0

[Event "Young Stars of the World 2012"]
[Site "Kirishi RUS"]
[Date "2012.05.22"]
[Round "10.1"]
[White "Artemiev, Vladislav"]
[Black "Boruchovsky, Avital"]
[Result "1-0"]
[WhiteElo "2459"]
[BlackElo "2434"]
[PlyCount "71"]
[EventDate "2012.05.12"]
[EventType "tourn"]
[EventRounds "11"]
[EventCountry "RUS"]
[EventCategory "6"]
[Source "lmi"]
[SourceDate "2012.05.12"]

1. e4 e5 2. Nf3 Nc6 3. d4 exd4 4. Nxd4 Nf6 5. Nxc6 bxc6 6. e5 Qe7 7. Qe2 Nd5 8.
c4 Ba6 9. b3 Qh4 10. a3 Bc5 11. g3 Bxf2+ 12. Qxf2 Qe4+ 13. Kd1 Qxh1 14. Nd2 f5
15. cxd5 Bxf1 16. Qxf1 Qxd5 17. Bb2 O-O 18. Rc1 Rab8 19. Qc4 Qxc4 20. Rxc4 g5
21. e6 d6 22. Rxc6 Rb7 23. b4 Re8 24. Nb3 Rxe6 25. Nc5 dxc5 26. Rxe6 cxb4 27.
a4 Rb6 28. Re7 h6 29. Rg7+ Kf8 30. Rxc7 Ra6 31. Kc2 Rxa4 32. Kb3 Ra6 33. Rc5
Re6 34. Rxf5+ Ke7 35. Kxb4 g4 36. Re5 1-0

[Event "Young Stars of the World 2012"]
[Site "Kirishi RUS"]
[Date "2012.05.22"]
[Round "10.2"]
[White "Izzat, Kanan"]
[Black "Belous, Vladimir"]
[Result "0-1"]
[WhiteElo "2341"]
[BlackElo "2345"]
[PlyCount "105"]
[EventDate "2012.05.12"]
[EventType "tourn"]
[EventRounds "11"]
[EventCountry "RUS"]
[EventCategory "6"]
[Source "lmi"]
[SourceDate "2012.05.12"]

1. e4 c5 2. c3 Nf6 3. e5 Nd5 4. d4 cxd4 5. Nf3 Nc6 6. cxd4 d6 7. Bc4 dxe5 8.
dxe5 Ndb4 9. Qxd8+ Nxd8 10. Na3 Bg4 11. Nd4 Ndc6 12. Nxc6 Nxc6 13. f4 e6 14.
Be3 O-O-O 15. Kf2 Be7 16. Rac1 Kb8 17. h3 Bf5 18. Rhd1 f6 19. g4 Be4 20. Bxe6
fxe5 21. Nb5 Rhf8 22. Kg3 Bd3 23. Bc4 Bxc4 24. Rxd8+ Rxd8 25. Rxc4 Rd3 26. Kf2
a6 27. Nc3 Nd4 28. fxe5 Bh4+ 29. Kg2 Rxe3 30. Rxd4 Rxe5 31. Ne4 Be7 32. Kf3 Kc7
33. Kf4 Ra5 34. a4 Kc6 35. Rc4+ Kd7 36. b3 Rd5 37. Ke3 Ba3 38. Nc3 Re5+ 39. Re4
Kd6 40. Kd4 Bc5+ 41. Kc4 Bb6 42. b4 Bf2 43. Rf4 Be1 44. Ne4+ Kc6 45. Kd4 Rd5+
46. Ke3 Bxb4 47. Rf7 Rd7 48. Rf5 Be7 49. Rf1 Bc5+ 50. Ke2 Bd4 51. Rc1+ Kd5 52.
Kd3 Ke5 53. Rc4 0-1

[Event "Young Stars of the World 2012"]
[Site "Kirishi RUS"]
[Date "2012.05.22"]
[Round "10.3"]
[White "Chigaev, Maksim"]
[Black "Sanal, Vahap"]
[Result "1/2-1/2"]
[WhiteElo "2345"]
[BlackElo "2277"]
[PlyCount "74"]
[EventDate "2012.05.12"]
[EventType "tourn"]
[EventRounds "11"]
[EventCountry "RUS"]
[EventCategory "6"]
[Source "lmi"]
[SourceDate "2012.05.12"]

1. e4 e6 2. d4 d5 3. Nd2 dxe4 4. Nxe4 Nf6 5. Bg5 Be7 6. Bxf6 gxf6 7. Nf3 f5 8.
Nc3 a6 9. g3 b5 10. Bg2 Bb7 11. O-O Qd6 12. a4 b4 13. Ne2 Nd7 14. c4 c5 15. Qb3
cxd4 16. Nexd4 O-O 17. Rfe1 Be4 18. Rad1 Qc7 19. Qe3 Bf6 20. Qh6 Bg7 21. Nxe6
fxe6 22. Qxe6+ Rf7 23. Ng5 Nc5 24. Qxf7+ Qxf7 25. Nxf7 Kxf7 26. Rd5 Rc8 27.
Bxe4 fxe4 28. Re2 Nxa4 29. Rxe4 Bxb2 30. c5 Bc3 31. Rd7+ Kf6 32. Rd6+ Kf7 33.
Rf4+ Ke7 34. Re4+ Kf7 35. Rf4+ Ke7 36. Rxa6 Nxc5 37. Rb6 Nd7 1/2-1/2

[Event "Young Stars of the World 2012"]
[Site "Kirishi RUS"]
[Date "2012.05.22"]
[Round "10.5"]
[White "Codenotti, Marco"]
[Black "Antal, Tibor Kende"]
[Result "0-1"]
[WhiteElo "2345"]
[BlackElo "2345"]
[PlyCount "176"]
[EventDate "2012.05.12"]
[EventType "tourn"]
[EventRounds "11"]
[EventCountry "RUS"]
[EventCategory "6"]
[Source "lmi"]
[SourceDate "2012.05.12"]

1. e4 c5 2. Nf3 d6 3. d4 cxd4 4. Nxd4 Nf6 5. Nc3 a6 6. Be3 e5 7. Nf3 Be7 8. Bc4
O-O 9. O-O Qc7 10. Bb3 Be6 11. Qe2 b5 12. Rfd1 Rc8 13. Bg5 Nbd7 14. Ne1 Bc4 15.
Bxc4 bxc4 16. Bxf6 Nxf6 17. Nd5 Nxd5 18. Rxd5 Rab8 19. b3 Rb5 20. Rad1 g6 21.
g3 Qa5 22. a4 Rxd5 23. Rxd5 Qc3 24. Qe3 cxb3 25. cxb3 Qa1 26. Kg2 Kg7 27. h4
Rc3 28. Rd3 Rc1 29. Nf3 h6 30. Rd2 a5 31. Re2 Rc3 32. Qb6 Rxf3 33. Kxf3 Qh1+
34. Ke3 d5 35. exd5 Qxd5 36. Rc2 Bb4 37. Qc6 Qxb3+ 38. Ke2 Qb1 39. Rc1 Qf5 40.
Qf3 Qd7 41. Qc6 Qd2+ 42. Kf1 Qd3+ 43. Kg1 e4 44. Qc2 Qd4 45. Rd1 Qe5 46. Qb3
Bc5 47. Rd7 Qf6 48. Rd2 e3 49. fxe3 Qe5 50. Kh2 Qxe3 51. Qxe3 Bxe3 52. Rd5 Bb6
53. h5 gxh5 54. Kh3 Bc7 55. Rc5 Bd8 56. Rxh5 Bg5 57. Kg4 Kg6 58. Rh1 Bd2 59.
Rd1 h5+ 60. Kf3 Bb4 61. Rd5 f6 62. Kf4 Bc3 63. Ke4 Be1 64. Kf3 Bb4 65. Rb5 Bc3
66. Rc5 Bb4 67. Rd5 Bc3 68. Rb5 f5 69. Rc5 Bb4 70. Rc8 Kg5 71. Rg8+ Kf6 72. Rb8
Bc3 73. Rc8 Bb4 74. Rc4 Be7 75. Rc7 Bb4 76. Rb7 Bc3 77. Rb3 Bb4 78. Kf4 Bd2+
79. Kf3 Bb4 80. Ke2 Ke5 81. Ke3 Be1 82. Rb1 Bxg3 83. Rb5+ Ke6 84. Rxa5 h4 85.
Ra8 Kd7 86. Rh8 Kc6 87. Kd4 Kb6 88. Kc4 f4 0-1

[Event "Young Stars of the World 2012"]
[Site "Kirishi RUS"]
[Date "2012.05.22"]
[Round "10.6"]
[White "Mammadov, Zaur"]
[Black "Stjazhkina, Anna"]
[Result "1-0"]
[WhiteElo "2393"]
[BlackElo "2107"]
[PlyCount "109"]
[EventDate "2012.05.12"]
[EventType "tourn"]
[EventRounds "11"]
[EventCountry "RUS"]
[EventCategory "6"]
[Source "lmi"]
[SourceDate "2012.05.12"]

1. b3 d5 2. Bb2 Nf6 3. e3 g6 4. f4 Bg7 5. Be2 O-O 6. Nf3 c5 7. O-O Nc6 8. Qe1
d4 9. Na3 Nd5 10. Bc4 e6 11. Bb5 Nce7 12. exd4 a6 13. Bc4 b5 14. Bxd5 Nxd5 15.
Ne5 cxd4 16. Bxd4 Bb7 17. Qf2 Qa5 18. Nb1 Rac8 19. c3 Rfd8 20. c4 bxc4 21. bxc4
Nc7 22. Nc3 f6 23. Ng4 Qf5 24. h3 h5 25. Ne3 Qd3 26. Bb6 Qxd2 27. Ne2 Qb4 28.
Rab1 Qe7 29. Nd4 e5 30. Nb3 Be4 31. Rbc1 Re8 32. f5 g5 33. Qe2 Qf7 34. Rfd1 Bf8
35. Bxc7 Rxc7 36. Nd5 Bxd5 37. Rxd5 Rec8 38. Qe4 Bc5+ 39. Kh1 Kg7 40. Rcd1 Kg8
41. Qf3 Be7 42. c5 Bxc5 43. Nxc5 Rxc5 44. Rd7 Qe8 45. R1d6 Rc1+ 46. Kh2 e4 47.
Qb3+ Kh8 48. Qe6 Qxe6 49. fxe6 e3 50. Rd8+ Rxd8 51. Rxd8+ Kg7 52. e7 e2 53.
e8=Q e1=Q 54. Rd7+ Kh6 55. Qh8+ 1-0

[Event "Young Stars of the World 2012"]
[Site "Kirishi RUS"]
[Date "2012.05.23"]
[Round "11.1"]
[White "Stjazhkina, Anna"]
[Black "Artemiev, Vladislav"]
[Result "1/2-1/2"]
[WhiteElo "2107"]
[BlackElo "2459"]
[PlyCount "68"]
[EventDate "2012.05.12"]
[EventType "tourn"]
[EventRounds "11"]
[EventCountry "RUS"]
[EventCategory "6"]
[Source "lmi"]
[SourceDate "2012.05.12"]

1. d4 Nf6 2. Nf3 g6 3. Nc3 d5 4. Bf4 Bg7 5. Qd2 O-O 6. Ne5 c5 7. e3 Nh5 8.
O-O-O Nxf4 9. exf4 cxd4 10. Qxd4 e6 11. Qd2 Nc6 12. Re1 Qc7 13. Nb5 Qb6 14. c3
f6 15. Nf3 a6 16. Na3 Qc5 17. h4 e5 18. h5 e4 19. Nh4 Ne7 20. Nc2 f5 21. f3 Be6
22. Kb1 Rad8 23. Nd4 Bxd4 24. cxd4 Qd6 25. g3 Kg7 26. Be2 Nc6 27. Bd1 Qb4 28.
Qh2 Rh8 29. g4 Nxd4 30. gxf5 Nxf5 31. Bc2 Nxh4 32. Qxh4 Rc8 33. fxe4 Rxc2 34.
Kxc2 dxe4 1/2-1/2

[Event "Young Stars of the World 2012"]
[Site "Kirishi RUS"]
[Date "2012.05.23"]
[Round "11.2"]
[White "Antal, Tibor Kende"]
[Black "Mammadov, Zaur"]
[Result "0-1"]
[WhiteElo "2345"]
[BlackElo "2393"]
[PlyCount "74"]
[EventDate "2012.05.12"]
[EventType "tourn"]
[EventRounds "11"]
[EventCountry "RUS"]
[EventCategory "6"]
[Source "lmi"]
[SourceDate "2012.05.12"]

1. e4 c6 2. d4 d5 3. e5 Bf5 4. Nd2 e6 5. Nb3 Ne7 6. Nf3 h6 7. Be2 Nd7 8. O-O g5
9. Ne1 Bg7 10. Nd3 Qc7 11. f4 f6 12. Bh5+ Kd8 13. exf6 Nxf6 14. Ne5 Kc8 15. Bf3
b6 16. fxg5 hxg5 17. Bxg5 Ng6 18. Qe2 Nxe5 19. dxe5 Nd7 20. g3 Bxe5 21. c4 d4
22. Bf4 d3 23. Qe3 Bxf4 24. Qxf4 Qxf4 25. gxf4 Kc7 26. Nd4 Rag8+ 27. Kh1 Nc5
28. Nxf5 exf5 29. Rae1 Rh4 30. b4 Na4 31. Re7+ Kd6 32. Rfe1 Rg6 33. Rxa7 Rxf4
34. Ree7 Nc5 35. bxc5+ Kxc5 36. Re3 Kd4 37. Rae7 d2 0-1